000
00284nam a22001457a 4500
003
SGT
082
_a
KUM 530
100
_a
KUMAR,P.R.S.
245
_a
PRACTICAL PHYSICS
250
_a
1ST
260
_a
NEW DELHI
_b
PHI
_c
2015
300
_a
328
650
_a
PHYSICS
942
_2
ddc
_c
FPS
999
_c
10110
_d
10110